The Maʻadi Guide = Dalīl al-Maʻādī /

محفوظ في:

مؤلف مشترك: Maʻadi association (M. A. L. T. H)

التنسيق: كتاب

اللغة: English

منشور في: Cairo : Minerbo Press, 1956.

الموضوعات:

الوسوم: إضافة وسم

لا توجد وسوم, كن أول من يضع وسما على هذه التسجيلة!

رقم الطلب: DT150.5 .M2 M3 1956

LEADER 00716namaa2200229 4500
001 16355
003 OSt
005 20250731115341.0
008 130303s1956 ua a 000 0 eng d
040 |c ARCE Library 
043 |a f-ua--- 
050 4 |a DT150.5 .M2 M3 1956 
110 2 |a Maʻadi association (M. A. L. T. H) 
245 1 4 |a The Maʻadi Guide =   |b Dalīl al-Maʻādī /   |c presented by The Maʻadi association (M. A. L. T. H) 
264 1 |a Cairo :   |b Minerbo Press,   |c 1956. 
300 |a 48, 48 pages :   |b illustrations ;   |c 24 cm. 
546 |a Text in English and Arabic. 
651 0 |a Cairo (Egypt)   |v Guidebooks. 
651 0 |a Ma'adi (Egypt)   |x History. 
901 |a reviewed 
942 |c BK  |2 lcc 
999 |c 16670  |d 16670